نو ا ۓ ا قبا ل (Record no. 167660)

MARC details
000 -LEADER
fixed length control field 00609nam a22001937a 4500
005 - DATE AND TIME OF LATEST TRANSACTION
control field 20190916145743.0
010 ## - LCCN (DPL NO)
LC control number UR-10462
020 ## - INTERNATIONAL STANDARD BOOK NUMBER
Terms of availability 150.00
International Standard Book Number 9788192215662
035 ## - SYSTEM CONTROL NUMBER
System control number U-9017
037 ## - SOURCE OF ACQUISITION
Source of stock number/acquisition DBAD/PUB
Stock number -
082 ## - DEWEY DECIMAL CLASSIFICATION NUMBER
Classification number 844
100 ## - MAIN ENTRY--PERSONAL NAME
Personal name ستا ر سا حر
245 ## - TITLE STATEMENT
Title نو ا ۓ ا قبا ل
Statement of responsibility, etc ستا ر سا حر
246 ## - VARYING FORM OF TITLE
Remainder of title Nawa-e-Iqbal Urdu)
Title proper/short title by Dr.Sattar Sahir
260 ## - PUBLICATION, DISTRIBUTION, ETC. (IMPRINT)
Place of publication, distribution, etc A.P.
Name of publisher, distributor, etc Al Muneer Publications,Chitvel-516104
Date of publication, distribution, etc 2019ء
270 ## - ADDRESS
Address Chitvel(Kadapa Dt.)
City A.P.
Postal code 516104
Telephone number 9440167176
Fax number -
300 ## - PHYSICAL DESCRIPTION
Extent 131 ص
Dimensions 22 Cm(Hb)
942 ## - ADDED ENTRY ELEMENTS (KOHA)
Source of classification or shelving scheme Dewey Decimal Classification
Item type Urdu Bks
Classification part 844
Call number suffix س ت ا
Holdings
Withdrawn status Lost status Not for loan Home library Current library Date acquired Source of acquisition Cost, normal purchase price Full call number Barcode Copy number Cost, replacement price Koha item type
      Central Library Central Library 16/09/2019 DBAD/PUB 150.00 844 س ت ا U-9017 1 150.00 Urdu Bks

© Delhi Public Library
Hit Counter
free hit counter